[Event "Tata Steel Chess A Wijk aan Zee"]
[Site "?"]
[Date "2012.01.19"]
[Round "5"]
[White "Van Wely, Loek"]
[Black "Aronian, Levon"]
[Result "1/2-1/2"]
[WhiteElo "2692"]
[BlackElo "2805"]
[Annotator "Dennes Abel"]
[PlyCount "62"]
[EventDate "2012.??.??"]

1. d4 d5 2. c4 e6 {Levon bleibt seiner Eröffnungslinie treu und möchte auch
gegen einen über 100 Punkte schwächeren nicht auf sein Damengambit verzichten.}
3. Nc3 Be7 {Wichtig ist, den Läufer zuerst nach e7 zu entwickeln, damit sich
der weiße Springer auf das Feld f3 festlegen muss.} 4. Nf3 Nf6 5. Bf4 (5. Bg5 {
Führt in andere Gewässer, in denen der schwarze aber in letzter Zeit auch
keine Befürchtungen haben musste.}) 5... O-O 6. e3 Nbd7 7. c5 {Van Wely bleibt
auch seiner Linie treu und wählt ein weit bekanntes Abspiel.} c6 8. Bd3 b6 9.
b4 a5 10. a3 {Dies ist eine Art Grundstellung des Systems, in dem der schwarze
zum bestmöglichen Zeitpunkt versuchen muss, die Bauern in der a- und b-Linie zu
tauschen. Wenn er dies schafft und zeitgleich seine restlichen Figuren in
vernünftige Art und Weise zu postieren, dann wird sich der leichte Raumvorteil
des Weißen nicht sonderlich bemerkbar machen.} Ba6 11. O-O Qc8 12. h3 h6 13.
Rb1 {Überführt den Turm schon einmal auf die sich bald öffnende b-Linie.} axb4
14. axb4 Bxd3 15. Qxd3 Qb7 {Noch soll die b-Linie verschlossen bleiben, bevor
Schwarz zunächst seine restlichen Figuren aktiviert hat.} 16. Rfc1 Ra3 17. Qc2
Rfa8 18. Nd2 bxc5 {Der Zeitpunkt ist gekommen! Die offene b-Linie wird sich
als nicht allzu schwerwiegend erweisen, sodass sich Weiß bereits genötigt
sieht, dort die Türme zu tauschen} 19. bxc5 {Wohin mit der Dame? Dies
beantwortet sich leicht, wenn man fragt, wie die Zukunft des Le7 aussehen wird.
} Qc8 20. Rb3 Rxb3 21. Nxb3 Bd8 {Richtig! Er wird sich gegen seinen Kompanen
auf f4 tauschen, wonach keinerlei Zweifel mehr an der Ausgeglichenheit der
Stellung aufkommen sollten. Weiterhin ermöglicht der Abtausch den Durchbruch
mittels e6-e5.} 22. Rb1 Bc7 23. Bxc7 Qxc7 24. Ra1 {Ein klares Zeichen, dass
heute keine Köpfe rollen sollen!} Rxa1+ 25. Nxa1 Qa5 26. Nb3 Qb4 27. Nc1 e5 28.
Nd3 Qc4 29. Nb2 Qb4 30. Nd3 Qc4 31. Nb2 Qb4 {Insgesamt keine besonders
spannende Partie, und es würde mich auch nicht verwundern, wenn Levon dies
alles noch auf seinem Rechner gespeichert hat. Trotzdem sei auch unserem Brett
2 mal ein Tag Pause gegönnt, denn die bisherigen Partien waren allesamt
ausgekämpft, und ich bin mir sicher, dass Levon seine Spielstärke auch im
Gewinnen von Partien in den nächsten Runden wieder unter Beweis stellen wird!}
1/2-1/2

[Event "Armenische Meisterschaft Eriwan 2012"]
[Site "?"]
[Date "2012.01.20"]
[Round "9"]
[White "Babujian, Levon"]
[Black "Melkumyan, Hrant"]
[Result "1-0"]
[WhiteElo "2474"]
[BlackElo "2620"]
[Annotator "Brettschneider"]
[PlyCount "101"]
[EventDate "2012.01.11"]

1. d4 d5 2. c4 c6 3. Nc3 Nf6 4. Nf3 dxc4 5. a4 e6 6. e4 Bb4 7. Bg5 h6 8. Bxf6
Qxf6 9. Bxc4 c5 10. e5 Qd8 11. O-O cxd4 12. Nxd4 O-O 13. Qg4 {Soweit ersichtlic
h ist dies neu. In der Partie Fedoseev-Yevseev, 29. November 2009 folgte 13.
Dd3 Sc6 14. Sxc6 Dxd3 mit baldigem Remis.} Qc7 14. Nf3 Bxc3 15. bxc3 Nd7 16.
Rfe1 b6 17. Rad1 Bb7 18. Rd4 {Sieht unangenehm aus - der Turm kann nach einem
Damenzug aktiv zum Königsflügel schwenken.} Nc5 {Nicht falsch, aber in
Betracht kam sicher auch 18.- Tfd8, um auf der d-Linie Schwerfiguren zu
tauschen und den König ggf. mit Sf8 zu verteidigen. Zudem bleibt e5 noch
angegriffen, so dass Weiß Lxf3 nebst Sxe5 zu beachten hat.} 19. Qg3 f6 {
Sicherer erscheint 19.- Kh8.} 20. Nh4 fxe5 {Eine Alternative war 20.- f5.} 21.
Rxe5 Rf7 22. Rxe6 Qxg3 23. hxg3 Nxe6 24. Bxe6 Re8 25. Bb3 {
Die Fesselung erweist sich als äußerst unangenehm.} Bc8 26. Rd6 Ref8 {
26.- g5 hätte nach 27. Tf6 nebst 28. Sf5 zu einem gewonnenen Bauernendspiel
geführt.} 27. Ng6 Kh7 28. f3 h5 29. Kf2 Bf5 30. Nxf8+ Rxf8 31. Ke3 g6 32. Bd5
Re8+ 33. Kf4 Bc2 34. Be4 Bxe4 35. fxe4 Kh6 {
35. - Kg7 36. Td7+ Kf6 37. Txa7 38. e5+} 36. e5 Rc8 37. e6 Rf8+ 38. Ke4 Rf2 39.
Rd3 Kg7 40. Rf3 Rxg2 41. Kd5 g5 42. e7 Re2 43. Kd6 Rd2+ 44. Kc7 Re2 45. Kd7
Rd2+ 46. Ke8 Re2 47. Rf7+ Kg8 48. Rf5 Kg7 49. c4 h4 50. gxh4 gxh4 51. Kd7 {1-0}
1-0

[Event "Armenische Meisterschaft"]
[Site "Yerevan/Armenia"]
[Date "2012.01.22"]
[Round "11"]
[White "Petrosian, Tigran L"]
[Black "Hovhannisyan, Robert"]
[Result "1-0"]
[WhiteElo "2636"]
[BlackElo "2589"]
[Annotator "JW"]
[PlyCount "139"]
[EventDate "2012.??.??"]

1. Nf3 d5 2. g3 c6 3. Bg2 Bg4 4. O-O Nd7 5. d3 e6 6. Qe1 Bd6 7. e4 Ne7 8. h3
Bh5 9. Nh4 {Das ist meines Wissens nach neu.} (9. Nbd2 O-O 10. b3 c5 11. Bb2
Nc6 12. c3 a5 13. a4 Kh8 14. d4 f5 15. exd5 exd5 16. c4 Nb4 17. cxd5 Nc2 18.
Qc1 Nxa1 19. Qxa1 Bxf3 20. Nxf3 cxd4 21. Nxd4 Be5 22. Ne6 Bxb2 23. Qxb2 Qf6 24.
Qxf6 Rxf6 25. Rc1 Nf8 26. Nd4 Rf7 27. d6 Rd8 28. Nb5 Rfd7 29. Bd5 g6 30. Rc7
Rb8 31. f4 b6 32. Kf2 Rg7 33. Kf3 Rd8 34. Rc6 Nd7 35. Nd4 Nc5 36. Rxb6 Rgd7 37.
Nb5 Kg7 38. Ke3 Kf6 39. Kd4 Rc8 40. Nc7 {
1-0 Colin McNab - Alexander Shabalov, London 1994}) 9... dxe4 10. dxe4 Ng6 11.
Nxg6 Bxg6 12. f4 f6 13. Nd2 O-O 14. Nc4 Bc5+ 15. Kh2 Qe7 16. a3 Nb6 17. Na5 e5
18. f5 Bf7 19. g4 Nc4 20. Nxc4 Bxc4 {Schwarz steht hier sicher nicht
schlechter.  Die beiden schwarzen Läufer machen einen besseren Eindruck als
die weißen Gegenstücke. Nur ist es unter dem Druck der Situation sicher nicht
einfach, mit dem königsindischen Gespenst g4-g5 umzugehen. Immerhin ist das
hier ein so eine Art Elfmeterschießen um den Eintritt in die armenische
Nationalmannschaft.} 21. Rf3 Rfd8 22. Rg3 Qd6 $6 {
Nur noch die Damen tauschen und alles ist in Butter, oder... ?} ({
Vielleicht war} 22... h6 23. h4 Kf7 {eine elegantere Lösung mit der Idee, die
sich öffnende h-Linie selbst zu nutzen.}) (22... g5 $5) 23. g5 $1 Qd1 24. Qxd1
Rxd1 25. Bf3 $1 {
Einziger Zug, aber ausreichend. Die Initiative ist jetzt auf Petrosians Seite.}
Rd6 $6 (25... Rf1 26. gxf6 g6 27. b3 Rf2+ 28. Bg2 Ba6 29. b4 Bb6 30. Bb2 Rxc2
31. Bxe5 Re8 {war vielleicht ein besserer Versuch.}) 26. gxf6 Rxf6 27. Bg5 Rd6
28. Rg2 Kf8 29. Rd1 Rxd1 30. Bxd1 h6 31. Bh4 Be3 32. Bh5 Bc1 33. b3 Bf7 34.
Bxf7 Kxf7 35. a4 $14 Bg5 {Tg6 ist sicher ein unangenehme positionelle Drohung.
Allerdings wird das Turmendspiel mit Mehrbauern jetzt ein risikoloses Spiel
auf ein Tor. Der neue armenische Landesmeister löst die technische Aufgabe
souverän genug.} 36. Bxg5 hxg5 37. Rxg5 Rd8 38. Rg2 Rd4 39. Re2 c5 40. Kg3 c4
41. Re3 cxb3 42. cxb3 Kf6 43. h4 Rd1 44. Kg4 Rd4 45. Kf3 Rd1 46. Ke2 Rd4 47.
Kf2 Rd2+ 48. Kg3 Rd1 49. Rc3 Rg1+ 50. Kf3 Rh1 51. Kg4 Re1 52. Rc4 g6 $6 (52...
Rg1+ {ist zäher}) 53. fxg6 Kxg6 54. h5+ Kf6 55. h6 Kg6 56. h7 Rg1+ 57. Kf3 Kxh7
58. Rc7+ Kg6 ({Auch nach} 58... Rg7 59. Rxg7+ Kxg7 60. Kg4 Kg6 61. b4 {
gewinnt Weiss. Hovannisyan endet im tödlichen Zugzwang.}) 59. Rxb7 Rb1 60. Rxa7
Rxb3+ 61. Kg4 Rb6 62. Ra5 Kf6 63. Rb5 Rc6 64. a5 Rc1 65. Rb6+ Ke7 66. Kf5 Kd7
67. a6 Rc5 68. a7 Ra5 69. Rh6 Kc7 70. Rh8 1-0

[Event "74th Tata Steel GMA"]
[Site "Wijk aan Zee NED"]
[Date "2012.01.24"]
[Round "9"]
[White "Aronian, L."]
[Black "Caruana, F."]
[Result "1-0"]
[WhiteElo "2805"]
[BlackElo "2736"]
[Annotator "Rainer Polzin"]
[PlyCount "93"]
[EventDate "2012.01.14"]

1. Nf3 c5 2. c4 {Seitdem 1.e4 wegen der Berliner Mauer bzw. Russisch der Ruf
anhaftet, dass man schwer mit dem Zug auf Gewinn spielen kann und die
Aussichten nach 1. d4 wegen des allgegenwärtigen Damengambits nicht mehr allzu
positiv bewertet werden, haben einige der Spitzenspieler ihre Liebe zu Englisch
entdeckt.} Nc6 3. Nc3 e5 4. e3 {Ich war ehrlich gesagt zunächst etwas erstaunt
über den Textzug. Gegen Botwinnik-Aufbauten mit c5/e5 hielt ich die
Fianchettierung des Läufers nach g2 bisher für obligatorisch. Der Textzug ist
seit geraumer Zeit aber populär.} Nf6 5. d4 cxd4 6. exd4 e4 7. Ne5 Bb4 {Die Partie hat sich
nach 4.e3 folgerichtig entwickelt, hier scheint mir die erste kritische Stelle
erreicht. In Kraminik gegen Grischuk (Kazan 2011) setzte Schwarz mit} (7... Bd6
8. c5 Bb8 9. Nc4 d5 10. cxd6 O-O {
und hatte wenig Sorgen, da die weiße Vormachtstellung im Zentrum gebrochen ist.
}) 8. Be2 Qa5 {Der Hauptzug, der bisher als sehr zuverlässig galt...} 9. O-O (
9. Nxc6 dxc6 {war bisher fast ausnahmslos anzutreffen, wonach Weiß keinen
Vorteil nachweisen konnte. Der Textzug wurde von Rainer Buhmann in seiner
Partie gegen Oswald Schnitzer (Deutsche Meisterschaft 2011) in die Praxis
eingeführt. Aronian, der in der Folge sehr wenig Zeit verbrauchte (nach circa 20
Zügen hatte er kaum mehr als 10 Minuten verbraucht) schien alles vorbereitet
zu haben. Sein italienischer Gegner schien ausweislich des
Bedenkzeitverbrauchs nicht mit dem Bauernopfer vertraut zu sein.}) 9... Nxe5
10. dxe5 Qxe5 11. Bd2 $1 {Ein ziemlich gemeiner Zug. Schwarz würde gerne
rochieren, kann dies aber wegen 12.Sxe4 mit Bauernverlust nicht. 11.... Ld6
mit Mattdrohung auf h2 ergibt wegen 12.g3 mit der Idee Lf4 keinen Sinn.} Bc5 {
Gefällt aber auch nicht so recht, weil Weiß nunmehr am Damenflügel expandieren
kann.} (11... Be7 12. Nb5 O-O 13. Bc3 Qb8 14. f4 {
kann ebenfalls aus schwarzer Sicht nicht so recht begeistern.}) 12. Nb5 O-O 13.
b4 Be7 (13... Bd4 14. Nxd4 Qxd4 15. Bf4 Qxd1 16. Rfxd1 {ergab in der
Stammpartie Buhmann-Gschnitzer weißen Endspielvorteil trotz Minusbauern.}) 14.
f4 Qe6 15. Be3 Bxb4 (15... Qc6 16. Nxa7 Qa6 17. Nxc8 Rfxc8 18. a3 {will der Com
puter sehen, aber der weiße Vorteil dürfte trotz der schwarzen Fortschritte in
der Entwicklung wegen des Läuferpaars, des rückständigen Bauerns auf d7 und
des Raumvorteils deutlich sein. Caruna opfert lieber eine Qualität - wird
damit aber nicht glücklich, zumal sich Aronian sich immer noch in der
Vorbereitung befand.}) 16. Nc7 Qc6 17. Nxa8 b6 18. Rb1 Bc5 19. Bxc5 bxc5 (19...
Qxc5+ 20. Kh1 Bb7 21. Rb5 {ist ebenfalls sehr unerfreulich.}) 20. Rb8 Bb7 21.
Rxf8+ Kxf8 22. Qb3 g6 23. Rb1 Bxa8 24. Qb8+ Kg7 25. Qxa7 e3 26. Bf3 d5 27. Re1
(27. Rb8 {gewinnt den Läufer auf a8 und die Partie deutlich schneller. Ich
kann nur mutmaßen, was Aronian befürchtet hat.} Qe6 {
mit der Idee e2 trifft jedenfalls auf die Erwiderung} 28. Qxc5 {mit einer entsc
heidenden Mattdrohung auf f8. Der Computer hat in der Folge einige
Verbesserungsvorschläge für Weiß - der Sieg stand aber nicht mehr in Frage.})
27... Qd6 28. Qxa8 d4 29. Qa3 Qxf4 30. Rf1 Qe5 31. Qd3 Qe8 32. g3 h5 33. Bg2
Qa4 34. a3 Qa5 35. Bf3 Qa6 36. Be2 Qa5 37. Qb1 Qd2 38. Qe1 Qa2 39. g4 hxg4 40.
Qg3 Qxe2 41. Qe5 d3 42. Rxf6 Kh6 43. Rxf7 Qe1+ 44. Kg2 Qe2+ 45. Kg3 Qe1+ 46.
Kxg4 Qg1+ 47. Kh3 1-0

[Event "74th Tata Steel GMA"]
[Site "Wijk aan Zee NED"]
[Date "2012.01.24"]
[Round "9"]
[White "Carlsen, M."]
[Black "Karjakin, Sergey"]
[Result "0-1"]
[WhiteElo "2835"]
[BlackElo "2769"]
[Annotator "Rainer Polzin"]
[PlyCount "120"]
[EventDate "2012.01.14"]

1. Nf3 Nf6 2. c4 b6 3. Nc3 Bb7 4. d4 e6 5. a3 d5 6. Bg5 Be7 7. e3 O-O 8. Rc1 h6
9. Bxf6 Bxf6 10. cxd5 exd5 11. Bd3 c5 12. O-O Na6 13. Ne5 cxd4 14. exd4 Bxe5
15. dxe5 Nc5 16. Re1 Re8 17. f4 d4 18. Ne4 $2 {Einer der ganz seltenen
taktischen Fehler von Carlsen. Er hatte offenbar übersehen, dass nach ...} (18.
Nb5 {ist vielleicht etwas besser für Weiß.}) 18... Bxe4 19. Bxe4 d3 $1 {
... funktioniert.} 20. Rc4 {Es hängt zwar eine Qualität auf a8, aber nach ...}
(20. Bxa8 d2 21. Bf3 dxe1=Q+ 22. Qxe1 Nd3 {... ist es der Weiße, der eine
Qualität verliert. Im weiteren Partieverlauf ist Carlsen dem Ausgleich fern.})
20... Rc8 21. Bf5 Qd5 22. Rc3 Rcd8 23. Qd2 Qd4+ 24. Kh1 a5 25. Rb1 a4 26. Rd1
Rd5 27. h4 g6 28. Bxd3 Red8 29. Qe1 Qxf4 30. e6 Nxe6 31. Bc2 b5 32. Rxd5 Rxd5
33. Re3 Nd4 34. Bd3 Kg7 35. Kg1 Qf6 36. Kh2 Rh5 37. Rh3 Ne6 38. Rf3 Rxh4+ 39.
Kg1 Qd4+ 40. Qf2 Qxf2+ 41. Kxf2 b4 42. Re3 Rd4 43. Bb5 Kf6 44. Rf3+ Ke7 45. Rd3
bxa3 46. bxa3 Rf4+ 47. Ke3 f5 48. Rd7+ Kf6 49. Rd6 Re4+ 50. Kf2 Kg5 51. Be8 Nf4
52. Bb5 Re5 53. Bc4 Nh5 54. Ra6 Nf6 55. Rxa4 Ng4+ 56. Kf1 Kh4 57. Be2 Kg3 58.
Bxg4 fxg4 59. Rb4 h5 60. a4 Kh2 0-1

[Event "Tata Steel"]
[Site "?"]
[Date "2012.01.25"]
[Round "10"]
[White "Aniish Giri"]
[Black "Levon Aronian"]
[Result "0-1"]
[WhiteElo "2805"]
[BlackElo "2714"]
[Annotator "Stefan Brettschneider"]
[PlyCount "86"]
[EventDate "2012.01.25"]
[SourceDate "2012.01.25"]

1. d4 d5 2. c4 e6 3. Nc3 Be7 4. Nf3 Nf6 5. Bf4 O-O 6. e3 Nbd7 {Das sollte keine Überraschung für Giri gewesen sein, denn so spielte Aronian auch schon gegen Grischuk im Tiebreak des Kandidatenturniers 2011 für den WM-Kampf gegen
Anand. In der Schnellschachpartie zog Grischuk 7. c5 und konnte in einer komplizierten Partie schließlich gewinnen. Ferner hatte Aronian die Stellung mit Schwarz gegen Bacrot bei der Europamannschaftsmeisterschaft in Porto Carras 2011 auf
dem Brett (Remis nach 13 Zügen). U.a. bei diesem Turnier spielte Aronian die Stellung auch mit Weiß und zwar gegen Giri (1-0, 43)!} 7. Be2 {Aronian höchstselbst setzte in der besagten Partie mit 7. c5 gegen Giri fort.} dxc4 8. O-O {Hochklassige Vorbilder für diesen von Giri gewählten Zug sind ohne Frage die Partien Aronian-Gelfand und Aronian-Anand, die jeweils 2011 unentschieden endeten. Wollte der 17-Jährige GM seinem Kontrahenten auf diese Weise etwa ein Remis abtrotzen?} Nb6 {Anand wählte 8. - Sd5 und Gelfand 8. - c5 gegen Aronian (beide Partien wurden beim Tal-Memorial, Moskau 2011, gespielt). Der Partiezug scheint unter Spitzenspielern neu zu sein und beendet zudem die Konfrontation mit den eigenen Waffen.} 9. Qc2 {In einer Partie Fernandez-Hicdoenmez wurde im Jahr 2007 hier 9. Se5 nebst Sxc4 gespielt (0-1,19).} Nh5 10. Be5 f6 11. Ng5 fxg5 12. Bxh5 Bd7 {Bis hier spielten beide Kontrahenten ziemlich schnell, doch nun überlegte Giri länger, ob er Aronian zu einem typischen Qualitätsopfer einladen sollte...} 13. Bf3 Rxf3 14. gxf3 Bd6 {Alles schon analysiert? Viel Zeit nahm sich Levon auch hier nicht und setzte seinen jungen Gegner damit sichtlich unter Druck.} 15. Qe4 Bc6 16. Qg4 Qe7 17.Bxd6 cxd6 18. Ne4 h6 {Bisher kaum Zeitverbrauch für Schwarz.} 19. Qg3 d5 20.Nc3 Rf8 {Nach der Eröffnung hat Schwarz eine Stellung mit ungleicher Materialverteilung erreicht, die sich ausgezeichnet auf Gewinn spielen lässt. Der "französische Läufer" wird über g6 oder h5 aktiviert, der Bauer f3 ist eine typische Angriffsmarke, der Hebel e6-e5 gibt Schwarz Möglichkeiten und schließlich könnte auch b5-b4 eine Idee sein. Schwarz steht angenehmer, zumal die weißen Schwerfiguren noch keine erkennbare Perspektive haben.} 21. Ne2 Rf5 22. Kg2 {Gefräßig erscheint das computertypische 22. Db8+ nebst 23. Dxa7, wonach der schwarze Königsangriff entscheidend wäre. In Betracht kam 22. Kh1 mit der Verteidigungsidee Sg1 oder ggf. auch f3-f4.} (22. Kh1 Nd7 23. f4 gxf4 24. Nxf4) 22... Nd7 {Der Springer wird zum Königsflügel überführt und schielt via f8-g6 nach h4 (und f3).} 23. Rh1 {Der von Giri eingeschlagene Weg hat die Niederlage wohl beschleunigt. Andererseits bleibt Weiß ohne Gegenspiel, wenn er den schwarzen Springer nach h4 lässt. Vielleicht wäre die Verteidigung des Königs mit Sg1 und Spiel am Damenflügel mit b3 aussichtsreicher gewesen.} (23.b3 Nf8 24. Kh1 Ng6 25. f4 gxf4 26. Qxg6 Be8 27. Qg1 Rg5 28. Ng3) 23... Nf8 24.h4 Ng6 25. f4 Nxh4+ 26. Kf1 Qb4 {Keine 30 Züge sind gespielt und Schwarz steht auf Gewinn. Giri hätte sich nun wohl zu 27. fxg5 durchringen müssen, um mit 28.Db8 noch etwas im Trüben zu fischen.} 27. Rb1 Be8 {27. - Dd2 wäre forcierter gewesen, aber v.a. für Computer, da sich Schwarz wiederum mit fxg5 nebst Db8+ auseinandersetzen muss. Ansonsten kann sich Weiß gar nicht mehr bewegen. Der Partiezug lässt Weiß kein Gegenspiel.} 28. Nc3 Qe7 29. b4 Rf8 {Die schwarzen Leichtfiguren entwickeln einen tödlichen Druck.} 30. Rb2 Bg6 31.Ke1 Bd3 32. fxg5 Nf3+ 33. Kd1 hxg5 34. Qh3 Qf6 35. Kc1 Bg6 36. a4 Rd8 {Bereitet e6-e5 vor, wonach die weiße Stellung auseinanderbricht.} 37. Ne2 e5 38. Qg4 exd4 39. exd4 Re8 40. Qd7 c3 41. Ra2 {Nach 41. Tc2 Td8 (nicht 41. - Lxc2?? 42. Dxe8+) ist die Stellung auch nicht zu halten.} Ne1 {Ein schöner taktischer Abschluss. Es drohen Sd3+ und Dxf2. Die Hinlenkung ermöglicht wegen der Grundreihenschwäche die Überführung der schwarzen Dame in den Mattangriff.} 42. Rxe1 Qf4+ 43. Kd1 Qe4 {Und Weiß gab auf.} 0-1